One Hundred 2000s Albums - Statistics

General Stats
  • This quiz has been taken 294 times
    290 since last reset
  • The average score is 42 of 100
Answer Stats
Picture Answer % Correct
Lady Gaga - The Fame
92%
Gorillaz - Demon Days
90%
Rihanna - Good Girl Gone Bad
90%
Britney Spears - Oops!... I Did It Again
88%
50 Cent - Get Rich or Die Tryin'
86%
Amy Winehouse - Back to Black
85%
Taylor Swift - Taylor Swift
85%
Eminem - The Eminem Show
83%
Daft Punk - Discovery
81%
Justin Timberlake - FutureSex/LoveSounds
81%
Kanye West - Late Registration
80%
Outkast - Stankonia
78%
Coldplay - Parachutes
76%
Mariah Carey - Charmbracelet
76%
P!nk - Funhouse
76%
Avril Lavigne - Under My Skin
75%
Destiny's Child - Survivor
74%
The White Stripes - Elephant
73%
Evanescence - Fallen
72%
The Killers - Hot Fuss
72%
Black Eyed Peas - Monkey Business
69%
Usher - Confessions
68%
Franz Ferdinand - Franz Ferdinand
64%
Jay-Z - The Blueprint
62%
Radiohead - Kid A
61%
Linkin Park - Meteora
59%
MGMT - Oracular Spectacular
59%
Nelly Furtado - Loose
59%
Maroon 5 - It Won't Be Soon Before Long
58%
Arctic Monkeys - Whatever People Say I Am, That's What I'm Not
57%
Nelly - Country Grammar
57%
System of a Down - Toxicity
57%
Florence + The Machine - Lungs
55%
Alicia Keys - The Diary of Alicia Keys
54%
Muse - Black Holes and Revelations
54%
Green Day - 21st Century Breakdown
52%
Panic! at the Disco - A Fever You Can't Sweat Out
52%
NSYNC - Celebrity
48%
Christina Aguilera - Stripped
46%
John Legend - Get Lifted
46%
Madonna - Confessions on the Dance Floor
46%
The Strokes - Is This It
46%
Kid Cudi - Man on the Moon: The End of Day
45%
M.I.A. - Kala
45%
My Chemical Romance - Three Cheers for Sweet Revenge
44%
Blink-182 - Take Off Your Pants and Jacket
43%
Lil Wayne - Tha Carter
43%
Fall Out Boy - From Under the Cork Tree
42%
Deftones - White Pony
41%
Kings of Leon - Only by the Night
37%
Missy Elliot - Under Construction
37%
Madvillain - Madvillainy
36%
Akon - Konvicted
34%
Foo Fighters - Echoes, Silence, Patience & Grace
33%
The Chicks - Home
32%
Kylie Minogue - Fever
31%
Nickelback - Silver Side Up
31%
Garth Brooks - Scarecrow
30%
Avenged Sevenfold - Waking the Fallen
29%
Interpol - Turn on the Bright Lights
28%
Train - Drops of Jupiter
28%
Bon Iver - For Emma, Forever Ago
27%
Arcade Fire - Funeral
26%
D'Angelo - Voodoo
26%
Jack Johnson - In Between Dreams
25%
Sum 41 - All Killer No Filler
25%
Modest Mouse - Good News for People Who Love Bad News
24%
Backstreet Boys - Black & Blue
23%
Fleet Foxes - Fleet Foxes
23%
Godspeed You! Black Emperor! - Lift Yr. Skinny Fists Like Antennas to Heaven!
23%
Slipknot - Iowa
23%
Tool - 10,000 Days
23%
Tim McGraw - Live Like You Were Dying
21%
Erykah Badu - Mama's Gun
20%
J Dilla - Donuts
20%
Alan Jackson - Drive
19%
Breaking Benjamin - Phobia
19%
LCD Soundsystem - Sound of Silver
19%
Mumford & Sons - Sigh No More
19%
Clipse - Hell Hath No Fury
17%
Dido - Life for Rent
17%
OneRepublic - Dreaming Out Loud
17%
Animal Collective - Merriweather Post Pavillion
16%
Queens of the Stone Age - Rated R
16%
Toby Keith - Unleashed
16%
Yellowcard - Ocean Avenue
16%
Death Cab For Cutie - Plans
15%
Sufjan Stevens - Michigan
15%
Ghostface Killah - Supreme Clientele
14%
Lupe Fiasco - Lupe Fiasco's Food & Liquor
13%
The Postal Service - Give Up
13%
Nas - The Lost Tapes
11%
Songs: Ohia - The Magnolia Electric Co
10%
Biffy Clyro - Only Revolutions
9%
Common - Like Water for Chocolate
9%
Ja Rule - Pain Is Love
8%
Nine Inch Nails - Year Zero
7%
Staind - Break the Cycle
7%
Young Jeezy - Let's Get It: Thug Motivation 101
5%
Gaelle - Transient
2%
No matching quizzes found
Score Distribution
Percent of People with Each Score
Percentile by Number Answered
Your Score History
You have not taken this quiz since the last reset